000 01713cam a2200385 i 4500
999 _c528316
_d528316
001 18713756
003 NUST
005 20190906043545.0
008 150724s2016 enk b 001 0 eng
010 _a 2015029158
038 _aX8W1
040 _aDLC
_beng
_cDLC
_erda
042 _apcc
043 _ae-uk---
050 0 0 _aKD1827
082 0 0 _a346.41024
_223
_bUNO
100 1 _aUnited Nations
_920028
245 1 0 _aBills of lading /
264 1 _aNew York, NY :
_aUnited Nation
_c1971.
300 _alxviii, 78 pages ;
_c26 cm.
336 _atext
_btxt
_2rdacontent
337 _aunmediated
_bn
_2rdamedia
338 _avolume
_bnc
_2rdacarrier
490 0 _aLloyd's shipping law library
504 _aIncludes bibliographical references and index.
505 0 _aA short history of the bill of lading -- Definition and classification of bills of lading -- The issue of bills of lading -- Representations in the bill of lading -- Delivery -- The bill of lading and property and title to the goods -- The bill of lading as a contract -- The transfer of contractual rights -- Claims other than in contract -- Contractual rights and obligations : the Hague rules -- Combined transport and through bills of lading -- Freight -- Primary remedies -- Conflicts and procedural matters.
650 0 _aBills of lading
_zGreat Britain.
_920029
650 0 _aMaritime law
_zGreat Britain.
_920030
650 0 _aBills of lading.
_920031
700 1 _aLord, Richard,
_d1959-
_eauthor.
_920032
700 1 _aBools, Michael D.,
_eauthor.
_920033
906 _a7
_bcbc
_corignew
_d1
_eecip
_f20
_gy-gencatlg
942 _2ddc
_cBK